Pokémon - 5ème génération - Statistiques

Statistiques générales
  • Ce quiz a été pris 117 fois
  • Le résultat moyen est 112 sur 156
Statistiques - réponses
Numéro Pokémon % Correct
495 Vipélierre
98%
498 Gruikui
96%
496 Lianaja
96%
497 Majaspic
96%
501 Moustillon
96%
643 Reshiram
96%
494 Victini
96%
644 Zekrom
96%
503 Clamiral
94%
499 Grotichon
94%
502 Mateloutre
94%
500 Roitiflam
94%
511 Feuillajou
88%
513 Flamajou
88%
514 Flamoutan
88%
515 Flotajou
88%
516 Flotoutan
88%
646 Kyurem
88%
522 Zébibron
88%
641 Boréas
87%
638 Cobaltium
87%
521 Déflaisan
87%
512 Feuiloutan
87%
505 Miradar
87%
507 Ponchien
87%
506 Ponchiot
87%
504 Ratentif
87%
640 Viridium
87%
523 Zéblitz
87%
610 Coupenotte
85%
645 Démétéros
85%
634 Diamat
85%
642 Fulguris
85%
508 Mastouffe
85%
519 Poichigeon
85%
639 Terrakium
85%
635 Trioxhydre
85%
509 Chacripan
83%
510 Léopardus
83%
648 Meloetta
83%
633 Solochi
83%
587 Emolga
81%
517 Munna
81%
518 Mushana
81%
541 Couverdure
79%
553 Crocorible
79%
552 Escroco
79%
607 Funécire
79%
649 Genesect
79%
611 Incisache
79%
609 Lugulabre
79%
542 Manternel
79%
612 Tranchodon
79%
520 Colombeau
77%
621 Drakkarmin
77%
647 Keldeo
77%
551 Mascaïman
77%
524 Nodulithe
77%
563 Tutankafer
77%
543 Venipatte
77%
545 Brutapode
75%
525 Géolithe
75%
539 Karaclée
75%
540 Larveyette
75%
544 Scobolide
75%
571 Zoroark
75%
570 Zorua
75%
560 Baggaïd
73%
534 Bétochef
73%
537 Crapustule
73%
526 Gigalithe
73%
538 Judokrak
73%
533 Ouvrifier
73%
614 Polagriffe
73%
613 Polarhume
73%
535 Tritonde
73%
562 Tutafeh
73%
532 Charpenti
71%
580 Couaneton
71%
555 Darumacho
71%
627 Furaiglon
71%
637 Pyrax
71%
620 Shaofouine
71%
584 Sorbouboul
71%
559 Baggiguane
69%
536 Batracné
69%
554 Darumarond
69%
628 Gueriaigle
69%
619 Kungfouine
69%
578 Méios
69%
608 Mélancolux
69%
530 Minotaupe
69%
596 Mygavolt
69%
529 Rototaupe
69%
583 Sorboul
69%
600 Clic
67%
601 Cliticlic
67%
632 Fermite
67%
581 Lakmécygne
67%
574 Scrutella
67%
595 Statitik
67%
630 Vaututrice
67%
631 Aflamanoir
65%
556 Maracachi
65%
575 Mesmérella
65%
531 Nanméouïe
65%
577 Nucléos
65%
624 Scalpion
65%
625 Scalproie
65%
582 Sorbébé
65%
579 Symbios‎
65%
599 Tic
65%
615 Hexagel
63%
603 Lampéroie
63%
576 Sidérella
63%
629 Vostourno
63%
564 Carapagos
62%
561 Cryptéro
62%
546 Doudouvet
62%
604 Ohmassacre
62%
636 Pyronille
62%
585 Vivaldaim
62%
567 Aéroptéryx
60%
602 Anchwatt
60%
548 Chlorobule
60%
527 Chovsourir
60%
549 Fragilady
60%
597 Grindur
60%
586 Haydaim
60%
616 Escargaume
58%
623 Golemastoc
58%
617 Limaspeed
58%
618 Limonde
58%
528 Rhinolove
58%
588 Carabing
56%
558 Crabaraque
56%
557 Crabicoque
56%
565 Mégapagos
56%
569 Miasmax
56%
593 Moyade
56%
598 Noacier
56%
566 Arkéapti
54%
626 Frison
54%
589 Lançargot
54%
592 Viskuse
54%
572 Chinchidou
52%
547 Farfaduvet
52%
622 Gringolem
52%
568 Miamiasme
50%
550 Bargantua
48%
605 Lewsor
48%
573 Pashmilla
48%
606 Neitram
46%
591 Gaulet
42%
594 Mamanbo
42%
590 Trompignon
40%
Aucun quiz correspondant
Distribution des résultats
% des personnes avec chaque résultat
Percentile par nombre de réponses
Votre historique - résultats
Vous n’avez pas pris ce quiz